Statistics for Geographic Straight Lines # 2

Click here to take the quiz!

General Stats

  • This quiz has been taken 43 times
  • The average score is 9 of 10

Answer Stats

Answer% Correct
Sudan
100%
Philippines
95%
Eritrea
90%
India
88%
Oman
85%
Saudi Arabia
85%
Myanmar
83%
Thailand
83%
Laos
80%
Vietnam
80%

Score Distribution

Percentile by Number Answered

Percent of People with Each Score

Your Score History

You have not taken this quiz